000 00691nam a2200277Ia 4500
005 20260324111758.0
008 008 260324s9999 xx 000 0 eng d
020 _a9788770046152
037 _aEBOOK
040 _aCRL
040 _beng
040 _cCRL
041 _2eng
041 _aeng
084 _qCRL
100 _aM. Nandhini Gayathri; Sanjeevikumar Padmanaban
_91139983
245 0 _aElectric Vehicles and Distributed Generation - Microgrid
260 _bTaylor and Francis
260 _c2025
365 _a
365 _b225
856 _uhttp://www.taylorfrancis.com/books/9788770046152
942 _cEBOOK
999 _c1728903
_d1728903